|
|
|
|
| LEADER |
00000nam a22000007a 4500 |
| 005 |
20220824231335.0 |
| 007 |
cr|||| |||| |
| 008 |
220824s2021 pe |||||s|||| 00||0 spa d |
| 020 |
|
|
|a 9786123252342
|
| 035 |
|
|
|a 36961
|
| 040 |
|
|
|a vLex
|
| 090 |
|
|
|c 13825
|d 13825
|
| 100 |
1 |
|
|a Grǹdez Castro, Pedro P.
|
| 245 |
1 |
2 |
|a La construccin̤ de la democracia y la garanta̕ de los derechos
|h [Recurso electrn̤ico] :
|b 25 aǫs del Tribunal Constitucional /
|c Pedro P. Grǹdez Castro, César Landa Arroyo
|
| 256 |
|
|
|a Servicio en ln̕ea
|
| 260 |
|
|
|a Lima:
|b Palestra Editores,
|c 2021
|
| 300 |
|
|
|a 1 recurso electrn̤ico
|
| 500 |
|
|
|a En 25 aǫs de vida institucional, el Tribunal Constitucional ha tenido importantes aportes, pero tambiň ha generado debates y crt̕icas con sus decisiones. En un balance general, sin embargo, los logros son evidentes. El desarrollo de las instituciones de la democracia, empezando por el Parlamento, ha encontrado en el desarrollo de la jurisprudencia constitucional un importante respaldo para mejorar su desempeǫ. En el caso del Congreso, en algunas de sus l︢timas decisiones, el Tribunal se ha referido a la calidad de la deliberacin̤ de las leyes, intensificando su estǹdar de control a la legislacin̤ incluso a nivel del procedimiento legislativo. Su jurisprudencia sobre el control del razonamiento del juez ordinario ha generado, por otro lado, un importante dil̀ogo judicial que, sin lugar a duda, ha permitido mejorar los estǹdares de calidad de la tutela judicial efectiva. Otro tanto ha ocurrido con las sentencias sobre la administracin̤ pb︢lica. Desde la discrecionalidad administrativa, hasta la proporcionalidad de las sanciones de los r̤ganos administrativos, el TC ha participado activamente controlando el poder de la administracin̤ frente a los ciudadanos. La necesidad de un balance sobre el impacto de la jurisprudencia del TC en nuestro sistema jurd̕ico nos convoc ̤en el mes de junio pasado a un grupo de profesores del r̀ea del Derecho Constitucional de distintas universidades, para discutir los diversos aportes y desafo̕s de la justicia constitucional en nuestro pas̕. Aqu ̕se recoge un conjunto de aquellas ponencias que dan testimonio de este importante evento.
|
| 506 |
1 |
|
|a Disponible solo en los productos indicados
|d vLex Global
|d vLex Global (Academic Edition, excluding Law Schools)
|d vLex Global (U.S. Academic Edition, Law Schools)
|d vLex Global (U.S. Academic Edition, excluding Law Schools)
|d vLex Global (Academic Edition, Law Schools)
|
| 650 |
0 |
4 |
|a Tribunal Constitucional
|z Per︢
|
| 700 |
1 |
|
|a Landa Arroyo, César
|
| 740 |
0 |
|
|a vLex Libros (Servicio en ln̕ea)
|
| 856 |
4 |
0 |
|u https://app.vlex.com/#/sources/36961
|z Acceso restringido
|
| 942 |
|
|
|c BOOK
|
| 999 |
0 |
|
|a Constitutional Court
|